Parole che iniziano con la "P" - Statistics

Statistiche generali
  • Questo quiz è stato fatto 347 volte
  • Il punteggio medio è 11 su 15
Statistiche sulle risposte
INDIZIO RISPOSTA % Corretto
Tipo di uccello che ripete delle parole Pappagallo
100%
Uomo che porta al pascolo le pecore Pastore
99%
Nella divina commedia è dopo l'inferno Purgatorio
98%
Due rette che non si incontrano mai Parallele
97%
Posizione di chi vince una gara Primo
97%
Opposta alla poppa Prua
94%
Matita colorata Pastello
88%
Oggetto che si usa per cucinare il cibo Padella
84%
È la persona all'apice della piramide gerarchica del cristianesimo Papa
80%
Negozio dove si possono comprare farmaci senza bisogno di prescrizione medica Parafarmacia
79%
Trasmissione radio diffusa via Internet Podcast
61%
Sinonimo di supporre Presumere
35%
Premio calcistico assegnato al più bel gol dell'anno Puskas
34%
Nei templi è lo spazio tra la cella e le colonne antistanti Pronao
18%
Costante arbitraria di un sistema Parametro
7%
Nessun quiz corrispondente trovato
Distribuzione punteggi
Percentuale di utenti per punteggio
Percentile per numero di risposta
I tuoi punteggi nel tempo
Non hai fatto questo quiz